Arrondissements de France les plus peuplés - Statistiques

Statistiques générales
  • Ce quiz a été pris 79 fois
    67 depuis la dernière actualisation
  • Le résultat moyen est 16 sur 23
Statistiques - réponses
Arrondissement Population % Correct
Paris 2 133 111
100%
Lille 1 260 060
98%
Lyon 1 637 827
98%
Marseille 1 090 221
98%
Bordeaux 1 013 121
97%
Nice 530 694
97%
Rennes 633 702
97%
Toulouse 1 125 390
97%
Strasbourg 514 651
95%
Nantes 881 045
92%
Montpellier 733 159
89%
Toulon 590 778
87%
Rouen 639 363
77%
Grenoble 748 885
76%
Nîmes 564 024
63%
Nanterre 911 155
56%
Évry 542 668
44%
Grasse 573 247
39%
L'Haÿ-les-Roses 578 438
29%
Le Raincy 777 460
26%
Palaiseau 637 912
23%
Saint-Germain-en-Laye 527 408
23%
Nogent-sur-Marne 513 253
15%
Aucun quiz correspondant
Distribution des résultats
% des personnes avec chaque résultat
Percentile par nombre de réponses
Votre historique - résultats
Vous n’avez pas pris ce quiz depuis la dernière actualisation